Państwa graniczące z Rosją - nagła śmierć - Statystyki

Ogólne statystyki
  • Ten quiz został rozwiązany 127 razy
  • Średni wynik to 9 z 14
Answers on the Grid
Answers color-coded by a green-red scale on the quiz's grid according to % correct below.
Szwecja
Turkmenistan
Armenia
Uzbekistan
Kirgistan
Tadżykistan
Mołdawia
Iran
Nepal
Turcja
Azerbejdżan
Białoruś
Chiny
Estonia
Finlandia
Gruzja
Kazachstan
Korea Północna
Litwa
Łotwa
Mongolia
Norwegia
Polska
Ukraina
 
Statystyki odpowiedzi
Odpowiedź % Poprawnych
Chiny
76%
Polska
73%
Białoruś
70%
Ukraina
68%
Litwa
67%
Mongolia
67%
Estonia
62%
Finlandia
62%
Gruzja
61%
Łotwa
61%
Norwegia
61%
Kazachstan
59%
Korea Północna
59%
Azerbejdżan
44%
Nie znaleziono quizów pasujących do podanych kryteriów
Rozkład punktacji
Procent ludzi z każdym wynikiem
Percentyl według liczby udzielonych odpowiedzi
Twoja historia wyników
Nie rozwiązałeś tego quizu